| 000 | 01006nam a2200313 i 4500 | ||
|---|---|---|---|
| 001 | 66758 | ||
| 003 | ES-MaACL | ||
| 005 | 20250528063008.0 | ||
| 007 | t| | ||
| 008 | 030704s2003 sp ||||0| spa d | ||
| 020 | _a84-96107-03-5 | ||
| 040 |
_aM-BN _bspa _cM-BN |
||
| 080 | _a929 Camacho, Marcelino | ||
| 080 | _a94(460)"19" | ||
| 100 | 1 |
_aCamacho, Marcelino _933961 |
|
| 245 | 1 | 0 |
_aMarcelino Camacho y Josefina _b: coherencia y honradez de un líder / _cEtsuko Asami, Alfredo Gómez Gil. |
| 260 |
_aMadrid : _bAlgaba, _c2003. |
||
| 300 |
_a355 p. : _bil., fot. ; _c25 cm. |
||
| 490 | 1 |
_aBiografía ; _v4 |
|
| 500 | _aIndice. | ||
| 600 | 1 | 4 |
_aCamacho, Marcelino- _xBiografías. _933962 |
| 651 | 4 |
_aEspaña- _xHistoria- _yS.XX. _9138832 |
|
| 700 | 1 |
_aSamper, Josefina. _9102192 |
|
| 700 | 1 |
_aAsami, Etsuko. _923529 |
|
| 700 | 0 |
_aGómez Gil, Alfredo, _d1936- _957969 |
|
| 830 | 0 |
_aBiografía ; _v4 _9183045 |
|
| 852 |
_aES-MaACL _jL-27254 _bR.132855 |
||
| 999 |
_c66758 _d66758 |
||